| 000 | 00814nam a2200229Ia 4500 | ||
|---|---|---|---|
| 003 | GCL | ||
| 008 | 140319s9999 xx 000 0 ara d | ||
| 040 |
_aGCL / _cGCL |
||
| 082 | 0 | 4 |
_a953 _bم م |
| 100 | 1 | _aالمؤسسة العربية للدراسات والنشر | |
| 245 | 1 | 0 |
_aموسوعة الحضارة العربية الاسلامية(ج1 - ج3) / _cالمؤسسة العربية للدراسات والنشر |
| 250 | _aالاولى | ||
| 260 |
_aبيروت : _bدار الفارس للنشر والتوزيع ، _c1995 |
||
| 300 |
_a3 مج ؛ _c21 سم |
||
| 490 | _a | ||
| 650 | 0 | 4 | _aالفلسفة |
| 650 | 0 | 4 | _aالحروب الصليبية |
| 650 | 0 | 4 | _aالفقه الاسلامى |
| 650 | 0 | 4 | _aالحضارة الاسلامية |
| 650 | 0 | 4 | _aالقران، علوم |
| 942 |
_2ddc _cBK |
||
| 999 |
_c51976 _d51976 |
||